00997nam a2200241 a 450000100060000000300080000600500170001400800410003103500190007204000470009104100080013808200220014610000400016824501070020824600760031526000590039130000210045065000680047165000470053994200120058699900170059895201400061518084BD-RjUL20211209000232.0140219t1966 enk 000 0 eng d a(BD-RjUL)18142 aDLCcLECdSERdOCLdEBCdEQOdBD-RjULbeng aeng00a809.933bADN 19661 aAdams, Robert Martin,d1915-95573510aNil :bepisodes in the literary conquest of void during the nineteenth century /cRobert Martin Adams.30aNil : episodes in the literary conquest of void during the 19th century aNew York ;aOxford :bOxford University Press,cc1966. a249 p. ;c21 cm. 0aLiterature, Moderny19th centuryxHistory and criticism.955540 0aNothing (Philosophy) in literature.955736 2ddccBK c18084d18084 00102ddc40718FICaRUCLbRUCLcReadingd1968-11-05ezeithingerg57.00l0o809.933 ADN 1966r2014-02-19 00:00:00tC-1w2014-02-19yBK